Publicidad : (Registro nro. 21626)

Detalles MARC
000 -Cabecera
Campo de control interno 00800nam a2200253Ia 4500
005 - Fecha y hora del registro
control field 20260320113259.0
008 - Elementos de Longitud Fija
fixed length control field 260320s9999||||xx |||||||||||||| ||und||
041 ## - Idioma
Codigo Idioma ESP
082 ## - DEWEY y NOTACIÓN INTERNA
Dewey 659.1
Notación Interna D285
100 ## - AUTOR
Autor denominación Dunn, S. Watson,
Término de relación autor
245 #0 - TÍTULO DE MATERIAL BIBLIOGRÁFICO
Título  Publicidad :
Título paralelo su papel en la mercadotecnia moderna
246 ## - TÍTULO TRADUCIDO
Título Advertising :
Título paralelo Its role in modern marketing
Autor Escalona, Eduardo
250 ## - EDICIÓN
Edición Primera edición
260 ## - CIUDAD, EDITORIAL, AÑO
Ciudad México D. F. :
Nombre de la Editorial Uteha,
Año 1967
300 ## - DESCRIPCIÓN
N° Páginas 700 páginas :
Otros detalles ilustraciones, tablas ;
Dimensiones 23 cm.
Material Adicional
440 ## - MENCIÓN DE SERIE
Título de la Serie
Número de Serie
Volumen de Serie
650 ## - TEMAS
Temas Tecnología (Ciencias Aplicadas)
653 ## - DESCRIPTORES
Lenguajes no controlado Publicidad
654 ## - PROGRAMAS
Programa Dpto. de Administración de Negocios
700 ## - OTROS AUTORES
Otros autores
Títulos y otras palabras asociadas con el nombre
856 ## - URL - UBICACIÓN
URI/URL: Enlace exacto del recurso <a href="https://ebooks7-24-com.ucsp.lookproxy.com/stage.aspx?il=&pg=&ed=">https://ebooks7-24-com.ucsp.lookproxy.com/stage.aspx?il=&pg=&ed=</a>
Nota pública: Versión digital <a href="Véase además: Base de datos Ebook7-25">Véase además: Base de datos Ebook7-25</a>
942 ## - ELEMENTOS DE KOHA
Tipo de documento Libro
Nombre del creador Justo Noguera
Código de catalogador Mirtha Ponce
Esquema de clasificación Dewey Decimal Classification
Suppress in OPAC
Existencias
Codigo completo Registro Colección Copia número Disponibilidad Tipo de préstamo Biblioteca Actual Procedencia (Biblioteca) Ubicacón Fecha Ingreso Tipo de Adquisición Observación Date last seen Total checkouts Price effective from Tipo de Item Estado del Material Fuente de Clasificación Damaged status Withdrawn status
659.1 D285 1085007 Universidad Católica San Pablo 1 Disponible Disponible Víctor Andrés Belaunde Víctor Andrés Belaunde Planta baja cerrada 10/03/2026 Compra Contabilidad 20/03/2026   20/03/2026 Libro Bueno Dewey Decimal Classification